Fiziceskie osnovy rentgenospektral'nogo lokal'nogo analiza / (Rekord nr 26677)
| 000 -ETYKIETA REKORDU | |
|---|---|
| podpole kontrolne o stałej długości | 00458nam a2200169 i 4500 |
| 001 - NUMER KONTROLNY REKORDU | |
| pole kontrolne | bg |
| 040 ## - ŹRÓDŁO KATALOGOWANIA | |
| Instytucja, która utworzyła rekord | BPK |
| 041 ## - KOD JĘZYKA | |
| Kod języka tekstu | pol |
| 080 ## - UNIWERSALNA KLASYFIKACJA DZIESIĘTNA - UKD | |
| UKD | 543.42 |
| 008 - POLE O STAŁEJ DŁUGOŚCI - DANE KONTROLNE | |
| podpole kontrolne o stałej długości | s pl f |000 0 pol |
| 245 #0 - TYTUŁ/ODPOWIEDZIALNOŚĆ | |
| Tytuł | Fiziceskie osnovy rentgenospektral'nogo lokal'nogo analiza / |
| Pozostałe elementy strefy tytułu i oznaczenia odpowiedzialności | Perev. s ang. |
| 260 ## - STREFA ADRESU WYDAWNICZEGO | |
| Miejsce wydania | Moskva : |
| Nazwa wydawcy/dystrybutora | Izdat. "Nauka", |
| Data publikacji, dystrybucji/powstania dokumentu | 1973. |
| 300 ## - STREFA OPISU FIZYCZNEGO | |
| Objętość | s. 310, nlb. 1 : |
| Inne cechy fizyczne | rys., tabl. |
| 500 ## - UWAGI OGÓLNE | |
| Tekst uwagi | [Alf. ros.]. |
| 504 ## - UWAGA DOTYCZĄCA BIBLIOGRAFII | |
| Informacje o bibliografii | [Zawiera bibliogr.]. |
| 942 ## - DODATKOWE ELEMENTY (KOHA) | |
| Typ dokumentu | Książka |
| Wycofany | Status egzemplarza | Uszkodzony | Dostępność | Lokalizacja stała | Lokalizacja bieżąca | Miejsce przechowywania | Sygnatura | Kod kreskowy | Typ dokumentu |
|---|---|---|---|---|---|---|---|---|---|
| Dostępny | Biblioteka Politechniki Koszalińskiej | Biblioteka Politechniki Koszalińskiej | Wypożyczalnia BG | 18215 | 01717815 | Książka |
